[Event "Moscow Tal Memorial 1st"]
[Site "Moscow"]
[Date "2006.11.10"]
[Round "4"]
[White "Svidler, Peter"]
[Black "Carlsen, Magnus"]
[Result "1/2-1/2"]
[WhiteElo "2750"]
[BlackElo "2698"]
[Annotator "Marin,M"]
[PlyCount "57"]
[EventDate "2006.11.06"]
[EventType "tourn"]
[EventRounds "9"]
[EventCountry "RUS"]
[EventCategory "20"]
[SourceTitle "CBM 116"]
[Source "ChessBase"]
[SourceDate "2007.02.01"]
[SourceVersion "1"]
[SourceVersionDate "2007.02.01"]
[SourceQuality "1"]

1. e4 e5 2. Nf3 Nc6 3. Bb5 a6 4. Ba4 Nf6 5. O-O Be7 6. Re1 b5 7. Bb3 d6 8. c3
O-O 9. h3 Nb8 10. d4 Nbd7 11. Nbd2 Bb7 12. Bc2 Re8 13. a4 Bf8 14. Bd3 {If
White does not wish to embark any long theoretical discussion, this variation
looks like the best way to move the accent of the fight to the middlegame.} c6
15. b3 (15. Rb1 $5 $146 {1-0 Topalov,V (2813)-Mamedyarov,S (2728)/Hoogeveen
2006/CBM 115 [Marin, Mihail] (50)}) 15... Qc7 {Usually, Black transfers his
king's bishop to g7 in this line. He can start doing that with or without
developing the queen, although this can just lead to a transposition. In this
game, Black has completely different plan, for which ...g6 is not useful at
all.} (15... g6 16. Bb2 {1-0 Morozevich,A (2743)-Sasikiran,K (2666)/Biel 2004/
CBM 102/[Wedberg] (35)} (16. Bf1 {1-0 Ponomariov,R (2722)-Sasikiran,K (2666)/
Biel 2004/CBM 102/[Wedberg] (62)})) 16. Bb2 d5 $5 $146 {Quite curiously, this
thematic break has never been played so far.} (16... g6 17. Qc2 Bg7 18. c4 (18.
b4 Nb6 19. a5 Na4 20. Rac1 (20. Bc1 {[%cal Yg7a1]} exd4 21. cxd4 c5 $132) 20...
Nxb2 21. Qxb2 Nd7 22. c4 bxc4 23. Bxc4 exd4 24. Qa2 Re7 25. Nb3 Ne5 $11 {
Haag,E-Forintos,G/Budapest 1965/MCD (1/2-1/2, 33)}) (18. Bf1 Rac8 19. Rad1 Nb6
{Since the a4-pawn is safely defended, this move makes less sense now and just
weakens Black's control over the centre.} (19... d5 $5) 20. c4 exd4 21. Bxd4
bxa4 22. e5 dxe5 23. Bxe5 Qe7 24. c5 Nbd7 25. Bd6 Qd8 26. bxa4 $16 {Vitomskis,
J (2575)-Girod,F (2415)/LAT-SUI corr 1994/Corr 2000 (1-0, 29)}) 18... bxc4 (
18... bxa4 19. c5 $5 axb3 20. Nxb3 exd4 21. cxd6 Qxd6 22. Na5 $36 {[%csl Gb7]
Grigoriants,S (2313)-Platonov,E (2296)/Orel 1999/EXT 2001 (1-0, 42)}) 19. Bxc4
exd4 20. Bxd4 Re7 ({Black can also choose another move order of concentrating
his forces against the e4-pawn.} 20... c5 {[%cal Yb7e4]} 21. Bc3 Re7 22. Qb2
Rae8 {[%csl Ye4]} 23. Rad1 h6 {The strong pressure against the e4-pawn
restricts White's active possibilities.} 24. Bd3 Re6 25. Bc4 R6e7 {1/2-1/2
Hendriks,R-Girod,F/ICCF corr 1994/Corr 2000}) 21. b4 Rae8 22. Bd3 c5 23. Rac1
Qd8 (23... Nd5 $5 {[%csl Gd4,Ge1]}) 24. bxc5 Nxc5 25. Bxc5 dxc5 $13 {Aseev,K 
(2540)-Yemelin,V (2520)/Elista 1994/CBM 044 (1/2-1/2, 87)}) 17. dxe5 {
Confronted with a relatively early opening surprise, White chooses the safe
way.} ({The main alternative was} 17. exd5 Nxd5 18. Qc2 $5 {[%csl Gh7] not
only connects rooks, but underlines the relative vulnerability of the black
kingside too.} ({Now,} 18. dxe5 {involves a nice trap, but is not too
dangerous otherwise.} Nf4 (18... Nxe5 $2 19. Rxe5 Rxe5 20. c4 $16) 19. Be4 Nxe5
$11) 18... exd4 $5 {Since Black has no adequate way of avoiding kingside
weaknesses, he bravely plays for material grabbing.} (18... h6 19. dxe5 Nf4 20.
Bh7+ Kh8 21. Qe4 $16) (18... g6 19. Nxe5 Nxe5 20. dxe5 Nf4 21. Ne4 $16 {
[%csl Gf6]}) (18... N5f6 19. dxe5 Nxe5 20. Nxe5 Rxe5 21. c4 Rxe1+ 22. Rxe1 $36
{[%csl Yb5,Yf6,Yh7]}) 19. Bxh7+ Kh8 20. Nxd4 g6 21. Bxg6 fxg6 22. c4 N5f6 23.
Qxg6 $36 {[%csl Yb7,Gh8]}) 17... Nxe5 18. Nxe5 Qxe5 19. Nf3 Qf4 {A brave
decision. The queen is rather exposed here.} (19... Qh5 $5 20. e5 $140 Nd7 $11)
20. exd5 {Again, White refrains from complicating the game.} (20. e5 $5 {
[%csl Gf4][%cal Yb2c1]} Ne4 21. Qc2 {would have led to a complex position,
where Black's activity might be just apparent, while the exposed placement of
his queen would offer White some tactical ideas.}) 20... Nxd5 21. c4 Nb4 22.
Be5 Qh6 23. Be4 Rad8 24. Qb1 bxc4 25. bxc4 $11 {We can state that Black's
strategy has been crowned with success. The usefullness of the dark-squared
bishop on the a3-f8 diagonal is obvious. At the same time, the fact that he
refrained from ...g6 ensures the return of the queen to the centre in the near
future.} Ba8 26. Bc3 c5 27. Bxa8 Rxa8 28. Ne5 Qe6 29. Qb3 1/2-1/2

[Event "Foros Aerosvit"]
[Site "Foros"]
[Date "2007.06.26"]
[Round "8"]
[White "Svidler, Peter"]
[Black "Sasikiran, Krishnan"]
[Result "1/2-1/2"]
[WhiteElo "2736"]
[BlackElo "2690"]
[Annotator "Marin,M"]
[PlyCount "134"]
[EventDate "2007.06.18"]
[EventType "tourn"]
[EventRounds "11"]
[EventCountry "UKR"]
[EventCategory "18"]
[SourceTitle "CBM 119"]
[Source "ChessBase"]
[SourceDate "2007.08.01"]
[SourceVersion "1"]
[SourceVersionDate "2007.08.01"]
[SourceQuality "1"]

1. e4 e5 2. Nf3 Nc6 3. Bb5 a6 4. Ba4 Nf6 5. O-O Be7 6. Re1 b5 7. Bb3 d6 8. c3
O-O 9. h3 Nb8 10. d4 Nbd7 11. Nbd2 Bb7 12. Bc2 Re8 13. Nf1 Bf8 14. Ng3 g6 ({
People do not take Morozevich'} 14... c6 {too seriously yet. However, the
inventor himself seems to trust the variation. After the game against Anand
from Morelia/Linares, he repeated the experiment in the Spanish team
championship:} 15. Be3 Qc7 16. a4 Rad8 17. Qc1 {White does not try to refute
the variation in any way and keeps consolidating his position.} h6 $5 {This
move, restricting the e3-bishop and the f3-knight, is not so frequently played
when there is a knight on g3. Here, however, the vulnerability of the e4-pawn
prevents White from playing Nf5.} 18. b3 Qb8 19. Rb1 Qc8 20. b4 Qc7 21. Nd2 d5
$11 {Adams,M (2734)-Morozevich,A (2762)/Lugo 2007/CBM 119 (1/2-1/2, 24)}) 15.
b3 c6 16. Bg5 Bg7 ({The main alternative is} 16... h6 {, but weakening the
kingside is not to everybody's taste.}) 17. Qd2 Qe7 ({The queen is heading for
f8, in order to enable a further ...h6 and keep the kingside well defended.
There seems to be less to do for the queen on the other wing:} 17... Qc7 18. a4
Rac8 (18... d5 $6 19. dxe5 Nxe5 20. Nxe5 Qxe5 21. Bf4 $1 Qe6 22. e5 {Carlsen,M
(2581)-Shirov,A (2726)/Drammen 2005/CBM 105/[Wedberg] (1-0, 38)}) (18... Rad8
19. Bd3 Nf8 20. Qc2 Ne6 21. Be3 Nd7 22. Rec1 Qb8 23. axb5 axb5 24. b4 $14 {
Acs,P (2521)-Gabriel,C (2556)/Germany 2004/EXT 2005 (1-0, 44)}) 19. Bd3 Nf8 20.
Rec1 Ne6 21. Be3 Nd7 22. Bf1 {White is in firm control of the position, but
making further progress is not easy.} Nb6 (22... Rcd8 23. b4 Qb8 24. axb5 axb5
25. Ra5 Nf6 26. dxe5 dxe5 27. Qc2 Nd7 28. c4 bxc4 29. Bxc4 Qc7 30. Qa2 $14 {
Fedorov,A (2603)-Maiorov,N (2457)/Minsk 2005/CBM 106 (1-0, 45)}) 23. a5 Nd7 24.
b4 $14 {Fedorov,A (2608)-Maiorov,N (2490)/Minsk 2006/CBM 111 ext (1-0, 48)})
18. a4 Qf8 19. Kh1 $5 $146 {The usefulness of this mysterious move can be
understood if we think that White's main worry is to be prepared against the
freeing break in the centre ...d5.} (19. Bd3 d5 $1 20. Nxe5 Nxe5 21. dxe5 Rxe5
22. f4 Ree8 23. e5 Nd7 24. axb5 cxb5 {and now White played} 25. Kh1 {anyway,
but failed to obtain an advantage:} Qc5 26. b4 Qc7 27. Ne2 f6 28. exf6 Nxf6 {
and the weakness of the e4-square offers Black a good game, Dominguez,L (2655)
-Bruzon Bautista,L (2648)/Havana 2006/CBM 116 (1/2-1/2, 36)}) ({Releasing the
tension with} 19. axb5 axb5 20. dxe5 Nxe5 21. Nxe5 {(1/2-1/2 Fedorov,A (2608)
-Sasikiran,K (2670)/Moscow 2006/CBM 112) hardly offers White anything.} dxe5
22. Qe2 Nd7 23. b4 Bh6 24. Bxh6 Qxh6 25. Bb3 Qf8 26. Nf1 Qe7 27. Nh2 Kg7 $11 {
Almasi,Z (2640)-Sasikiran,K (2663)/D'Ajaccio 2005 (1/2-1/2, 37)}) (19. b4 {
weakens the light squares too much.} Nb6 20. dxe5 dxe5 21. Qe2 Nxa4 22. Bxa4
bxa4 23. Be3 Nd7 24. Rxa4 c5 $11 {Aroshidze,L (2531)-Giorgadze,G (2610)/
Tbilisi 2007/CBM 117 ext (1/2-1/2, 37)}) (19. Rad1 {is logical, but releases
the potential pressure along the a-file.} Rac8 {Now that there is no danger of
an enemy rook infiltration to a7, Black can improve the position of his rook,
too.} (19... d5 $5 {looks possible, too.}) 20. Bd3 h6 21. Be3 Rcd8 22. Qa2 Ra8
23. Bc1 (23. Qc2 $5 {/\b4}) 23... Re6 24. Qd2 Qb8 25. c4 bxa4 26. bxa4 Re8 27.
Bb2 $13 {1/2-1/2 (slightly premature, with all pieces on board) Motylev,A 
(2662)-Grigoriants,S (2579)/Tomsk 2006.}) 19... Rac8 ({Svidler's idea becomes
obvious after} 19... d5 20. dxe5 Nxe5 21. Nxe5 Rxe5 22. f4 Ree8 23. e5 Nd7 {
, when, freed of the worry of a check on c5, White can try} 24. c4 $5 {,
putting Black under pressure in the centre.}) 20. axb5 cxb5 $1 {The correct
decision. The other capture would have allowed Ra7, while now the c3-square is
under certain pressure.} 21. Bd3 h6 22. Be3 exd4 23. cxd4 d5 $1 24. e5 Ne4 25.
Qb2 f5 26. exf6 {Otherwise, Black could start a slow but massive kingside
attack.} Qxf6 $11 {Black has entirely adequate play.} 27. Rac1 Ndc5 28. Bb1
Nxg3+ 29. fxg3 Ne4 30. Bf4 Qb6 31. Kh2 b4 32. Be5 Rc3 33. Rf1 Bxe5 34. Nxe5
Qxd4 35. Ng4 Rf8 36. Rcd1 Qg7 37. Bxe4 dxe4 38. Qd2 Rd3 39. Qxb4 h5 40. Nh6+
Qxh6 41. Qxb7 h4 42. Rxd3 exd3 43. Qd5+ Kh8 44. Qd4+ Kg8 45. Rxf8+ Qxf8 46.
Qxd3 hxg3+ 47. Kxg3 Qf6 48. Qd5+ Kh7 49. Qb7+ Kg8 50. Qc8+ Kh7 51. Qc7+ Kg8 52.
h4 Qb2 53. Qd8+ Kg7 54. Qe7+ Kg8 55. Qe6+ Kg7 56. Qd7+ Kh6 57. Qf7 a5 58. Kf3
Qa1 59. Qf8+ Kh7 60. Qe7+ Kg8 61. Qd8+ Kh7 62. Qc7+ Kg8 63. Qc4+ Kh7 64. Ke4
Qe1+ 65. Kd5 Qd2+ 66. Kc5 Qxg2 67. Kb5 Qd2 1/2-1/2

[Event "Baku FIDE GP"]
[Site "Baku"]
[Date "2008.04.21"]
[Round "1"]
[White "Inarkiev, Ernesto"]
[Black "Kamsky, Gata"]
[Result "0-1"]
[WhiteElo "2684"]
[BlackElo "2726"]
[Annotator "Marin,M"]
[PlyCount "96"]
[EventDate "2008.04.21"]
[EventType "tourn"]
[EventRounds "13"]
[EventCountry "AZE"]
[EventCategory "19"]
[SourceTitle "CBM 124"]
[Source "ChessBase"]
[SourceDate "2008.05.28"]
[SourceVersion "1"]
[SourceVersionDate "2008.05.28"]
[SourceQuality "1"]

1. e4 e5 2. Nf3 Nc6 3. Bb5 a6 4. Ba4 Nf6 5. O-O Be7 6. Re1 b5 7. Bb3 d6 8. c3
O-O 9. h3 Nb8 10. d4 Nbd7 11. Nbd2 Bb7 12. Bc2 Re8 13. Nf1 Bf8 14. Ng3 g6 15.
a4 {It is refreshing to see that the main line against the Breyer is about to
become fashionable again.} ({For quite a while, there has been some intense
theoretical discussion after} 15. b3 {, against which Kamsky successfully
experimented with} a5 $5 {in a couple of games played in 2007.}) 15... c5 16.
d5 c4 17. Bg5 h6 18. Be3 Nc5 19. Qd2 h5 20. Bg5 ({About two decades ago, some
of the leading British players introduced the direct attacking plan initiated
by} 20. Ng5 {. However, it soon became clear that Black disposes over
sufficient tactical resources to beat off the attack.} Bh6 $5 21. f4 $5 ({
The slower} 21. Re2 {did not offer White an advantage after} Qe7 22. Rae1 h4
23. Nf1 Nh5 {Nunn,J (2585)-Beliavsky,A (2620)/Szirak 1987/CBM 003/[Ernst] (1/
2-1/2, 46)}) 21... h4 $1 ({An improvement over} 21... exf4 22. Bxf4 h4 23. Nf1
bxa4 24. Qd4 Ng4 25. Ne3 Nxe3 26. Qxe3 Qe7 27. Nf3 Bxf4 28. Qxf4 $36 {Chandler,
M (2590)-Hjartarson,J (2590)/Linares 1988/CBM 006 (1-0, 42). with the usual
kingside pressure for White.}) 22. fxe5 (22. Nf1 Bxg5 23. fxg5 Nfxe4 $17) 22...
Rxe5 $1 23. Nf3 Bxe3+ 24. Qxe3 Nxd5 25. Qd4 Ne6 26. Qd2 Ndf4 27. Nxe5 Qg5 $1
28. Re3 dxe5 29. Nf1 Rd8 30. Qf2 Nc5 $17 {Nunn,J (2615)-Beliavsky,A (2645)/
Linares 1988/CBM 006 (0-1, 62). The dancing around of the black pieces has
come to an end. White has "won" the exchange, but Black's stability on dark
squares and his extra-pawn offer him excellent play.}) 20... Be7 21. Ra3 {
The plan of increasing the pressure against the enemy queenside is the least
committal, by not creating any weaknesses in the own camp. Once Black's forces
will have been distracted to this wing, operations on the kingside involving
f4 may become possible.} ({White can insert the moves} 21. Bh6 Nh7 {and only
then play} 22. Ra3 {, as, for instance, in Adams,M (2600)-Salov,V (2645)/Wijk
aan Zee 1991/CBM 022/[Salov] (1-0, 67). The move order played in the game is
aimed to prevent the (generally desirable for Black) further advance of the
h-pawn. However, in the game this move will also become possible soon.}) 21...
Rb8 22. Kh1 $5 {The latest trend of theory. White makes a generally useful
move, refraining from any important commitment.} ({The more natural} 22. Rea1 {
leaves the e4-pawn slightly vulnerable and can eventually be met by} h4 $5 23.
Bxh4 Nfxe4 {Adams,M (2680)-Giorgadze,G (2625)/Groningen 1997/CBM 063/[Wedberg]
(1-0, 43). with interesting play, despite the unfavourable result for Black.})
22... Nh7 $146 {Before undertaking any concrete operation, Black decides to
improve the placement of his kingside pieces.} (22... Bc8 23. axb5 axb5 24. Ra7
Bb7 $6 {Quite inconsequent. The bishop returns to a passive square, after
having provoked a loss of two tempi.} (24... Bd7 25. Rea1 Qb6) 25. Rea1 Qb6 26.
Nh4 Ra8 27. Rxa8 Rxa8 28. Rf1 Qd8 29. f4 Nfd7 30. Bxe7 Qxe7 31. Nhf5 Qf8 32.
fxe5 Nxe5 33. Nxh5 Ncd7 34. Qg5 $16 {Berescu,A (2433)-Graf,A (2604)/Kusadasi
2006/CBM 111 ext (1-0, 71)}) (22... Nfd7 {This move increases Black's
stability on dark squares, but leaves the b7-bishop without possibilities of
improving its placement. This is one of Black's main strategic problems in the
Breyer system: Several of his pieces are competing for the d7-square.} 23. Be3
h4 24. Nf1 bxa4 {An obvious strategic concession. Black's temporary activity
will not offer him sufficient compensation.} 25. Bxc5 Nxc5 26. Bxa4 Rf8 27. Bc2
Bc8 28. Ra2 Kg7 29. Ne3 {[%csl Rc4]} Nd3 30. Bxd3 cxd3 31. Qxd3 f5 32. Nc4 fxe4
33. Qxe4 Rf4 34. Qe2 Bf5 35. Ncxe5 $1 Re4 36. Qxe4 Bxe4 37. Nc6 Qg8 38. Rxe4
$18 {Beikert,G (2434)-Kachiani Gersinska,K (2374)/Bad Koenigshofen 2007/CBM
116 ext (1-0, 87)}) ({With the e4-square safely defended,} 22... h4 $2 {
does not work, for instance} 23. Bxh4 Nfxe4 24. Nxe4 Bxh4 25. axb5 axb5 26.
Nxh4 Qxh4 27. Nxd6 $18) 23. Be3 {White would agree to the exchange of the
dark-squared bishops only if his attacking prospects would become realistic.
Otherwise, this exchange would favour Black.} Bf6 24. Rea1 Bg7 25. Qe2 Bc8 {
Time has come to take care about this bishop, too.} 26. Nf1 $5 {[%cal Gf1d2,
Gb2b3] Once the pressure against the e-pawn has been released, this knight can
look for new horisons.} f5 $5 {Equally logical. SInce the f5- and h5-squares
are not under pressure anymore, Black may start expanding on this wing.} ({
Delaying this operation with one more move may allow White too much activity
on the opposite wing.} 26... Bd7 27. axb5 axb5 28. N1d2 {[%csl Rb5,Rc5][%cal
Gb2b3]} f5 29. Ra7 Nd3 30. exf5 gxf5 31. R1a6 f4 32. Rxd6 $36) 27. axb5 axb5
28. exf5 gxf5 29. Ng3 $1 {[%csl Rf5,Rh5] A well-timed re-adjustment of plans.
The queenside plan would have been too slow now, of course.} Nd3 $1 30. Nxh5 (
30. Bxd3 $2 cxd3 31. Qxd3 e4 $17) 30... f4 31. Nxg7 Kxg7 {[%csl Rg2,Rh3][%cal
Gb8b7] Black has sacrificed a pawn and may lose another one after the exchange
on d3. However, most of his pieces are targetting the enemy kingside.} 32. Ba7
$5 {White wins a tempo for eliminating the irritating d3-knight, but on the
other hand the bishop is somewhat out of play on a7 and the last move helps
Black improve the placement of his queen's rook.} (32. Bd2 e4 33. Nd4 Qh4 $36)
32... Rb7 33. Bxd3 cxd3 34. Qxd3 e4 {Black retrieves the sacrificed material,
but, abstratcly speaking, this move looks risky, because it allows the return
of the enemy bishop into play.} (34... Rf7 $6 {would allow White too much
activity after} 35. Qxb5 {[%csl Re8][%cal Ga7b6,Ga3a7]}) (34... Kg8 $5 {
[%cal Ge5e4]} 35. Nd2 (35. Qc2 Rg7 $44) 35... Qg5 36. Ne4 Qg6 37. f3 Bf5 $44)
35. Bd4+ (35. Qd4+ Kg8 36. Nd2 Qh4 37. c4 $5 {[%cal Ya3h3]} (37. Nxe4 $2 Bxh3
$1 $19) 37... b4 38. Rb3 Rg7 $44 39. Nxe4 $6 Rge7 40. Nxd6 (40. f3 Bxh3 $1)
40... Re1+ 41. Kh2 Nf6 $40 42. Qxf6 $8 Qxf6 43. Nxe8 Rxe8 $15) 35... Nf6 (35...
Kg8 36. Qc2 $1 {[%csl Rg6]}) 36. Qd1 ({White should not give up his bishop with
} 36. Bxf6+ {although this would allow him maintain the material advantage
after} Qxf6 37. Qe2 {. Black gets a strong attack with} Kf8 $1 {[%csl Ge8]
[%cal Gb7h7,Ge4f3]} 38. Re1 Bg4 $3 $36 39. hxg4 $2 (39. Qf1 $8) 39... Rh7+ 40.
Kg1 Qh8 41. Kf1 Rh1+ 42. Ng1 Qh2 $19) 36... exf3 37. Qxf3 Kg6 38. Qxf4 {
White has 4 pawns for a knight and a very active bishop. However, he cannot
take advanatge of the apparently exposed position of the black king because an
important part of his army (both rooks) are temporarily passive, doubled on an
empty open file.} Nh5 (38... Nxd5 $5 39. Qg3+ Qg5 40. Qxd6+ Kh7 $13 {[%csl Rg2]
[%cal Gb7f7,Gc8b7,Gd5f4]}) 39. Qh2 {It is not easy to find a stable square for
the queen and maintain the king defended at the same time.} (39. Qf3 Rf7 40.
Qd3+ Bf5 $36) 39... Rbe7 (39... Rf7 $5 {[%cal Gh5f4]}) 40. Qg1 $2 {White will
never be able to recycle his queen with such artificial moves.} (40. g4 $5)
40... Re2 $36 41. Ra8 Qh4 42. Rb8 Kh6 $5 {Removing the king from a dangerous
file.} (42... Bxh3 43. gxh3+ {[%csl Gg6]} Ng3+ 44. Qxg3+ Qxg3 45. fxg3 Rxb8 46.
Ra6 Rd8 47. b4 $13) 43. Rb6 $2 {Missing the point behind Black's last move.} (
43. Qf1 $8) 43... Bxh3 $1 $19 44. Rxd6+ Kh7 45. g3 (45. gxh3 Qxh3+ 46. Qh2 Re1+
) 45... Bg2+ 46. Kxg2 Qxg3+ 47. Kf1 Qh3+ 48. Qg2 Ng3+ {A fascinating game in
romantic style.} 0-1

[Event "WchT 8th"]
[Site "Ningbo"]
[Date "2011.07.21"]
[Round "5.3"]
[White "Polgar, Judit"]
[Black "Postny, Evgeny"]
[Result "1-0"]
[WhiteElo "2699"]
[BlackElo "2618"]
[Annotator "Marin,M"]
[PlyCount "129"]
[EventDate "2011.07.17"]
[EventType "team-tourn"]
[EventRounds "9"]
[EventCountry "CHN"]
[SourceTitle "CBM 144"]
[Source "ChessBase"]
[SourceDate "2011.09.16"]
[SourceVersion "1"]
[SourceVersionDate "2011.09.16"]
[SourceQuality "1"]
[WhiteTeam "Hungary"]
[BlackTeam "Israel"]
[WhiteTeamCountry "HUN"]
[BlackTeamCountry "ISR"]

1. e4 e5 2. Nf3 Nc6 3. Bb5 a6 4. Ba4 Nf6 5. O-O Be7 6. Re1 b5 7. Bb3 d6 8. c3
O-O 9. h3 Nb8 10. d4 Nbd7 11. Nbd2 Bb7 12. Bc2 Re8 13. Nf1 Bf8 14. Ng3 g6 15.
b3 Rb8 16. a4 d5 17. axb5 axb5 18. Nxe5 $146 (18. Bg5 {Akopian,V (2694)
-Mamedyarov,S (2763)/Astrakhan 2010/CBM 137/[Marin,M] (1/2, 53)}) 18... Nxe5
19. dxe5 Nxe4 20. Nxe4 dxe4 21. Bf4 Qxd1 22. Raxd1 Bg7 23. Bxe4 Bxe5 {It may
seem that a draw is inevitable.} 24. Bc6 $1 {An important intermediate move,
allowing White to maintain an edge.} Bxc6 25. Rxe5 Rxe5 26. Bxe5 Rc8 27. Bf6
$14 {This ending is not easy to evaluate. White's position is by far more
pleasant, because of the permanent eighth rank threats. However, further
analysis may reveal that Black can equalize with a series of accurate moves.
For the time being, I would use a way of evaluating suggested by Bronstein:
out of 10 games, White should count on making 6/6,5 points or similar. I
prefer this way of putting things over the Informant like "+/=/+/-" or Rybka's
"+0,36", which do not offer any concrete information.} Kf8 28. g4 Re8 29. Kh2
Re6 30. Rd8+ Re8 31. Rd1 Re6 32. g5 Rd6 33. Ra1 Rd2 34. Ra7 Rxf2+ 35. Kg1 Re2
36. Rxc7 Re6 37. Rc8+ Be8 38. Kg2 Re2+ 39. Kf3 Re6 40. h4 h5 41. Rb8 Re1 42. c4
bxc4 43. bxc4 Re6 44. c5 Rc6 45. Be5 Re6 46. Ke4 Ke7 47. Rb7+ Kd8 48. Kd4 Bd7
49. Ra7 Kc8 50. Bd6 Kd8 51. Ra8+ Bc8 52. Kd5 Re2 53. Kc6 Re6 54. Ra7 f6 55.
gxf6 Rxf6 56. Rh7 Re6 57. Rg7 Ba6 58. Kd5 Re2 59. c6 Ke8 60. Ra7 Bc8 61. Ra8
Kd8 62. Bf4 Re1 63. Kd6 Rd1+ 64. Kc5 Rb1 65. Bd2 1-0